000 00680nam a2200289Ia 4500
005 20260324141552.0
008 008 260324s9999 xx 000 0 eng d
020 _a9781351327442
037 _aEBOOK
040 _aCRL
040 _beng
040 _cCRL
041 _2eng
041 _aeng
084 _qCRL
100 _aRobert Selman
_91208677
245 0 _aFostering Friendship
245 0 _bPair Therapy for Treatment and Prevention
260 _bTaylor and Francis
260 _c1997
365 _a
365 _b210
856 _uhttp://www.taylorfrancis.com/books/9781351327442
942 _cEBOOK
999 _c1811916
_d1811916